Türk Kızılayı 2012 almanak=Turkish Red Crescent 2012 almanac (Record no. 729)

MARC details
000 -BAŞLIK
Sabit Uzunlukta Kontrol Alanı 00662na a2200217 4500
001 - KONTROL NUMARASI
Denetim Alanı 16804
003 - KONTROL NUMARASI IDENTIFIER
Denetim Alanı MIRAKIL
005 - SON İŞLEM TARİHİ VE ZAMANI
Denetim Alanı 20181213154759.0
008 - SABİT-BOY VERİ ELEMANLARI - GENEL BİLGİLER
Sabit Uzunlukta Kontrol Alanı 161013b tu 000 0
040 ## - KATALOGLAMA KAYNAK
Orijinal Kataloglama Ajansı Milas
Kataloglama Dili tur
Metne Dönüştürmek Ajansı TR-AnCHP
041 ## - DİL KODU
Metin / Ses Parça Veya Ayrı Başlığın Dil Kodu tur
-- eng
082 ## - DEWEY ONLU SINIFLANDIRMA NUMARASI
Sınıflandırma Numarası 361.7703
Ürün Numarası T96t 2012
090 ## - SINIFLAMA NUMARASI
Sınıflama Numarası 361.7703 T96t 2012
110 ## - ANA GİRİŞ - KURUMSAL ADI
Giriş Elemanı Olarak Kurumsal Ad Veya Yargı Alanı Adı Türk Kızılayı
245 ## - BAŞLIK TABLOSU
Başlık Türk Kızılayı 2012 almanak=Turkish Red Crescent 2012 almanac
Sorumluluk Tablosu, Vb Türk Kızılayı
260 ## - YAYIN, DAĞITIM, VB
Yayın, Dağıtım, Vb Yeri Ankara
Yayıncı, Dağıtıcı, Vs Adı Türk Kızılayı
Yayın, Dağıtım, Vb Tarihi 2012
300 ## - FİZİKSEL TANIM
Kapsam 114 s.
Diğer Fiziksel Ayrıntıları fotğ.
Boyutlar 28x27 sm.
650 ## - KONU KATMA GİRİŞ - TOPİKAL DÖNEM
Topikal Süreli Veya Coğrafi Ad Giriş Elemanı Kızılay
Genel Alt Bölümü Hizmetler
Kronolojik Alt Bölümü Yıllıklar
650 ## - KONU KATMA GİRİŞ - TOPİKAL DÖNEM
Topikal Süreli Veya Coğrafi Ad Giriş Elemanı Yardım kuruluşları
Genel Alt Bölümü Kızılay
Kronolojik Alt Bölümü Almanak
942 ## - EKLENDİ GİRİŞ ELEMANLARI (KOHA)
Sınıflandırma Veya Raf Düzeni Kaynak Dewey Decimal Classification
Koha Öğesi Türü Books
999 ## - SİSTEM KONTROL NUMARALARI (KOHA)
Koha Biblionumber 729
Koha Biblioitemnumber 729
Holdings
Kalıcı Konum Mevcut Konum Edinme Tarihi Edinim Kaynak Toplam Check-Out'Lar Tam Çağrı Numarası Barkod Tarih Son Görülme İtibaren Geçerli Fiyatlar Koha Öğesi Türü
CHP Kütüphanesi CHP Kütüphanesi 10/13/2016 Bağış   361.7703 T96t 2012 005732 10/13/2016 10/13/2016 Books